Система моделирования температурных процессов в барабанной печи на основе TRACE MODE; Электроэнергетика, электротехнические системы и комплексы

Bibliografiske detaljer
Parent link:Электроэнергетика, электротехнические системы и комплексы.— 2003.— С. 151-154
Hovedforfatter: Букреев В. Г.
Andre forfattere: Цхе А. В.
Sprog:russisk
Udgivet: 2003
Fag:
Format: MixedMaterials Book Chapter
KOHA link:https://koha.lib.tpu.ru/cgi-bin/koha/opac-detail.pl?biblionumber=105857

MARC

LEADER 00000naa2a2200000 4500
001 105857
005 20231031114701.0
035 |a (RuTPU)RU\TPU\book\114229 
090 |a 105857 
100 |a 20061122d2003 k y0rusy50 ca 
101 0 |a rus 
102 |a RU 
200 1 |a Система моделирования температурных процессов в барабанной печи на основе TRACE MODE   |f В. Г. Букреев, А. В. Цхе 
320 |a Библиогр.: 3 назв. 
463 0 |0 (RuTPU)RU\TPU\book\62183  |t Электроэнергетика, электротехнические системы и комплексы  |o Материалы международной научно-технической конференции, Томск, 3-5 сентября 2003 г.  |f Томский политехнический университет; Сибирское отделение РАН  |v С. 151-154  |d 2003  |p 323 с. 
610 1 |a моделирование 
610 1 |a системы моделирования 
610 1 |a тепмературные процессы 
610 1 |a барабанные печи 
610 1 |a фтороводород 
610 1 |a тепловой режим 
610 1 |a производство 
610 1 |a труды учёных ТПУ 
700 1 |a Букреев  |b В. Г. 
701 1 |a Цхе  |b А. В. 
801 1 |a RU  |b 63413507  |c 20061122  |g PSBO 
801 2 |a RU  |b 63413507  |c 20091124  |g RCR 
942 |c BK